Farm benchmarking and business analysis manual - October 2001 (Record no. 69579)

MARC details
000 -LEADER
fixed length control field 00996cam a2200253 4500
001 - CONTROL NUMBER
control field J116827
008 - FIXED-LENGTH DATA ELEMENTS--GENERAL INFORMATION
fixed length control field 000000n2002 000 0 eng u
035 ## - SYSTEM CONTROL NUMBER
System control number (Sirsi) u116827
050 ## - LIBRARY OF CONGRESS CALL NUMBER
Classification number 338.16
110 ## - MAIN ENTRY--CORPORATE NAME
Corporate name or jurisdiction name as entry element Royal Institution of Chartered Surveyors
Subordinate unit Rural Faculty
9 (RLIN) 4160
245 ## - TITLE STATEMENT
Title Farm benchmarking and business analysis manual - October 2001
260 ## - PUBLICATION, DISTRIBUTION, ETC.
Place of publication, distribution, etc. London
Name of publisher, distributor, etc. RICS
Date of publication, distribution, etc. 2002
490 ## - SERIES STATEMENT
Series statement Farm Benchmarking and Business Analysis Manual
520 ## - SUMMARY, ETC.
Summary, etc. Produced by the RICS Rural faculty in association with the University of Exeter and the University of Nottingham. Available to buy from the RICS Rural Faculty.
650 ## - SUBJECT ADDED ENTRY--TOPICAL TERM
Topical term or geographic name entry element AGRICULTURE
650 ## - SUBJECT ADDED ENTRY--TOPICAL TERM
Topical term or geographic name entry element BENCHMARKING
650 ## - SUBJECT ADDED ENTRY--TOPICAL TERM
Topical term or geographic name entry element FARMING
650 ## - SUBJECT ADDED ENTRY--TOPICAL TERM
Topical term or geographic name entry element STATISTICS
690 ## - LOCAL SUBJECT ADDED ENTRY--TOPICAL TERM (OCLC, RLIN)
Topical term or geographic name as entry element RURAL-FARM BUSINESS MANAGEMENT
710 ## - ADDED ENTRY--CORPORATE NAME
Corporate name or jurisdiction name as entry element Royal Institution of Chartered Surveyors
9 (RLIN) 4900
710 ## - ADDED ENTRY--CORPORATE NAME
Corporate name or jurisdiction name as entry element University of Exeter
Location of meeting Centre for Rural Research
9 (RLIN) 4200
710 ## - ADDED ENTRY--CORPORATE NAME
Corporate name or jurisdiction name as entry element University of Nottingham
Location of meeting Rural Business Research Unit
9 (RLIN) 4201
942 ## - ADDED ENTRY ELEMENTS (KOHA)
Suppress in OPAC 0
Holdings
Withdrawn status Lost status Source of classification or shelving scheme Damaged status Not for loan Home library Current library Shelving location Date acquired Total Checkouts Full call number Barcode Date last seen Copy number Price effective from Koha item type
    Dewey Decimal Classification     London London RICS Boxes 25/02/2002   RICS 2002/2 30065362 06/08/2019 1 06/08/2019 Archive
    Dewey Decimal Classification     London London RICS Boxes 25/02/2002   RICS 2002/2 30065363 06/08/2019 2 06/08/2019 Reference material
    Dewey Decimal Classification     London London RICS Boxes 12/07/2007   RICS 2002/2 30074018 06/08/2019 3 06/08/2019 Book